000 00465nam a2200157Ia 4500
008 151021s9999 xx 000 0 und d
020 _a673460584
050 _aGV 51 .K7 1990
245 _a_Recreation and leisure in modern society(4th ed) Richard Kraus
260 _aGlenview Scott,Foresman and company 1990
300 _a436p.
500 _aIncludes index.
500 _aIncludes index.
650 _a_Recreation
980 _a^d20130530 10:08:13^oanne
999 _c13095
_d13095